Top 100 Top Scorers Del Mundo - Statistics

General Stats
  • This quiz has been taken 44 times
  • The average score is 18 of 100
Answer Stats
Position Player FIFA 18 FIFA 19 FIFA 20 FIFA 21 FIFA 22 Country % Correct
SP Cristiano Ronaldo Real Madrid CF Juventus FC Juventus FC Juventus FC Portugal
90%
RB Lionel Messi FC Barcelona FC Barcelona FC Barcelona FC Barcelona Argentinië
88%
SP Zlatan Ibrahimović LA Galaxy LA Galaxy LA Galaxy AC Milan Zweden
65%
SP Pierre-Emerick Aubameyang Borussia Dortmund/Arsenal FC Arsenal FC Arsenal FC Arsenal FC Arsenal FC Gabon
63%
SP Jamie Vardy Leicester City Leicester City Leicester City Leicester City Leicester City Engeland
53%
SP Karim Benzema Real Madrid CF Real Madrid CF Real Madrid CF Real Madrid CF Real Madrid CF Frankrijk
53%
SP Luis Suárez FC Barcelona FC Barcelona FC Barcelona Atlético Madrid Uruguay
43%
SP Sergio Kun Agüero Manchester City Manchester City Manchester City Manchester City Argentinië
43%
RB Kylian Mbappé Paris Saint-Germain Paris Saint-Germain Paris Saint-Germain Paris Saint-Germain Frankrijk
40%
CAM Antoine Griezmann Atlético Madrid Atlético Madrid FC Barcelona FC Barcelona Frankrijk
38%
SP Erling Braut Håland Red Bull Salzburg Borussia Dortmund Noorwegen
38%
SP Robert Lewandowski FC Bayern München FC Bayern München FC Bayern München FC Bayern München Polen
38%
SP Edin Džeko AS Roma AS Roma AS Roma AS Roma Bosnië en Herzegovina
35%
SP Edinson Cavaní Paris Saint-Germain Paris Saint-Germain Paris Saint-Germain Manchester United Uruguay
35%
SP Romelu Lukaku Manchester United Manchester United FC Internazionale FC Internazionale België
35%
CAM Eden Hazard Chelsea FC Chelsea FC Real Madrid CF Real Madrid CF Real Madrid CF België
33%
SP Harry Kane Tottenham Hotspur Tottenham Hotspur Tottenham Hotspur Tottenham Hotspur Engeland
30%
CAM Alexandre Lacazette Arsenal FC Arsenal FC Arsenal FC Arsenal FC Arsenal FC Frankrijk
28%
SP Ciro Immobile SS Lazio SS Lazio SS Lazio SS Lazio Italië
28%
SP Radamel Falcao AS Monaco AS Monaco Galatasaray SK Galatasaray SK Colombia
28%
SP Duván Zapata Atalanta Bergamo Atalanta Bergamo Atalanta Bergamo Colombia
25%
RB Michail Antonio West Ham United West Ham United West Ham United West Ham United Jamaica
25%
SP Raúl Jiménez SL Benfica Wolverhampton Wanderers Wolverhampton Wanderers Wolverhampton Wanderers Mexico
25%
SP Rodrigo Valencia CF Valencia CF Valencia CF Leeds United Spanje
25%
SP Timo Werner RasenBallsport Leipzig RasenBallsport Leipzig RasenBallsport Leipzig Chelsea FC Duitsland
25%
SP Andrea Belotti Torino FC Torino FC Torino FC Torino FC Torino FC Italië
23%
SP Dries Mertens SSC Napoli SSC Napoli SSC Napoli SSC Napoli SSC Napoli België
23%
CAM Dušan Tadić Southampton AFC Ajax AFC Ajax AFC Ajax AFC Ajax Servië
23%
SP Lautaro Martínez Racing Club FC Internazionale FC Internazionale FC Internazionale Argentinië
23%
SP Moussa Dembélé Celtic FC Olympique Lyon Olympique Lyon Olympique Lyon Frankrijk
23%
CAM Nabil Fekir Olympique Lyon Olympique Lyon Real Betis Balompié Real Betis Balompié Frankrijk
23%
SP Paco Alcácer FC Barcelona Borussia Dortmund Villarreal CF Villarreal CF Villarreal CF Spanje
23%
SP Alexander Isak Willem II Real Sociedad Zweden
20%
CAM Anderson Talisca Besiktas JK Guangzhou Evergrande Guangzhou Evergrande Al Nassr Brazilië
20%
SP Andrej Kramarić TSG 1899 Hoffenheim TSG 1899 Hoffenheim TSG 1899 Hoffenheim TSG 1899 Hoffenheim TSG 1899 Hoffenheim Kroatië
20%
CAM Darwin Núñez SL Benfica SL Benfica Uruguay
20%
LB Gonzalo Martínez River Plate Atlanta United Atlanta United Al Nassr Al Nassr Argentinië
20%
SP Roger Martínez Club América Club América Colombia
20%
SP Wissam Ben Yedder Sevilla FC Sevilla FC AS Monaco AS Monaco AS Monaco Frankrijk
20%
SP André-Pierre Gignac Tigres UANL Tigres UANL Tigres UANL Frankrijk
18%
CAM Moussa Marega FC Porto FC Porto FC Porto FC Porto Mali
18%
SP Aleksandar Mitrović Newcastle United Fulham FC Fulham FC Fulham FC Servië
15%
SP Aritz Aduriz Athletic Bilbao Athletic Bilbao Athletic Bilbao Spanje
15%
CAM Gerard Moreno RCD Espanyol Villarreal CF Villarreal CF Villarreal CF Villarreal CF Spanje
15%
SP Kasper Dolberg AFC Ajax AFC Ajax OGC Nice OGC Nice OGC Nice Denemarken
15%
SP Marko Arnautović West Ham United Shanghai SIPG Shanghai SIPG Bologna FC 1909 Oostenrijk
15%
SP Odsonne Édouard Celtic FC Celtic FC Frankrijk
15%
SP Sébastien Haller Eintracht Frankfurt Eintracht Frankfurt West Ham United AFC Ajax AFC Ajax Ivoorkust
15%
SP Willian José da Silva Real Sociedad Real Sociedad Real Sociedad Wolverhampton Wanderers Brazilië
15%
SP Wout Weghorst AZ Alkmaar VfL Wolfsburg VfL Wolfsburg VfL Wolfsburg Nederland
15%
SP Youssef En-Nesyri Sevilla FC Sevilla FC Marokko
15%
SP Bas Dost Sporting CP Sporting CP Eintracht Frankfurt Club Brugge KV Club Brugge KV Nederland
13%
SP Darío Benedetto Boca Juniors Boca Juniors Olympique Marseille Olympique Marseille Argentinië
13%
RB André Schürrle Borussia Dortmund Fulham FC Spartak Moskou Duitsland
10%
SP Andy Delort Toulouse FC Montpellier HSC Montpellier HSC Montpellier HSC OGC Nice Algerije
10%
SP Antonio Sanabria Real Betis Balompié Real Betis Balompié/Genoa CFC Genoa CFC Torino FC Paraguay
10%
CAM Giovanni Simeone ACF Fiorentina Cagliari Calcio Cagliari Calcio Hellas Verona Argentinië
10%
CAM Jonathan Rodríguez Cruz Azul Cruz Azul Cruz Azul Uruguay
10%
CAM Marcel Sabitzer RasenBallsport Leipzig RasenBallsport Leipzig RasenBallsport Leipzig Rasenballsport Leipzig Oostenrijk
10%
SP Myron Boadu AZ Alkmaar AZ Alkmaar AZ Alkmaar AS Monaco Nederland
10%
SP Rafael Santos Borré River Plate River Plate River Plate River Plate Eintracht Frankfurt Colombia
10%
SP Vincent Janssen Fenerbahçe SK CF Monterrey CF Monterrey CF Monterrey Nederland
10%
SP Andreas Cornelius Girondins Bordeaux Parma Calcio 1913 Parma Calcio 1913 Denemarken
8%
SP Gaëtan Laborde Montpellier HSC Montpellier HSC Montpellier HSC Stade Rennais Frankrijk
8%
SP Gyasi Zardes LA Galaxy Columbus Crew Columbus Crew Columbus Crew Verenigde Staten
8%
SP Loïs Openda Vitesse Arnhem Vitesse Arnhem België
8%
SP Paul Onuachu KRC Genk KRC Genk Nigeria
8%
SP Rogelio Funes Mori CF Monterrey CF Monterrey CF Monterrey CF Monterrey CF Monterrey Argentinië
8%
SP Wahbi Khazri AS Saint-Étienne AS Saint-Étienne AS Saint-Étienne Tunesië
8%
SP Bakery Jatta Hamburger SV Hamburger SV Hamburger SV Gambia
5%
SP Billel Omrani CFR Cluj CFR Cluj Frankrijk
5%
SP Bruno Petković GNK Dinamo Zagreb GNK Dinamo Zagreb GNK Dinamo Zagreb GNK Dinamo Zagreb Kroatië
5%
SP Fedor Smolov FK Krasnodar Lokomotiv Moskou RC Celta de Vigo Lokomotiv Moskou Rusland
5%
SP Florian Sotoca RC Lens RC Lens Frankrijk
5%
LB Fredy Montero Vancouver Whitecaps FC Vancouver Whitecaps FC Colombia
5%
SP Gianluca Caprari Parma Calcio 1913 Benevento Calcio Hellas Verona Italië
5%
SP Habib Diallo FC Metz RC Strasbourg Senegal
5%
SP Júnior Moraes FC Shakhtar Donetsk FC Shakhtar Donetsk FC Shakhtar Donetsk Oekraïne
5%
CAM Karim Onisiwo 1. FSV Mainz 05 1. FSV Mainz 05 1. FSV Mainz 05 1. FSV Mainz 05 Oostenrijk
5%
CAM Mehdi Carcela-González Standard Liège Standard Liège Standard Liège Marokko
5%
SP Roope Riski HJK Helsinki HJK Helsinki Finland
5%
SP Wilson Eduardo SC Braga SC Braga SC Braga Al Ain Angola
5%
SP Adrián Dalmau FC Utrecht FC Utrecht FC Utrecht Spanje
3%
SP Carlitos Legia Warszawa Panathinaikos FC Spanje
3%
RB Christian Kouamé Genoa CFC ACF Fiorentina ACF Fiorentina RSC Anderlecht Ivoorkust
3%
CAM Davie Selke Hertha BSC Hertha BSC SV Werder Bremen SV Werder Bremen Duitsland
3%
CAM Djaniny Al Ahli Trabzonspor Kaapverdië
3%
SP Franco Jara CF Pachuca FC Dallas Argentinië
3%
SP Juan Dinenno U.N.A.M. U.N.A.M. Argentinië
3%
SP Juan Martín Lucero Defensa y Justicia Vélez Sarsfield Argentinië
3%
SP Karim Ansarifard Olympiakos Piraeus AEK Athene AEK Athene Iran
3%
SP Kodjo Fo-Doh Laba Al Ain Al Ain Al Ain Togo
3%
RB Kosta Barbarouses Sydney FC Sydney FC Nieuw-Zeeland
3%
SP Lisandro López Racing Club Racing Club Racing Club Atlanta United Argentinië
3%
SP Loren Real Betis Balompié Real Betis Balompié Real Betis Balompié Spanje
3%
CAM Lucas Cavallini Vancouver Whitecaps FC Vancouver Whitecaps FC Vancouver Whitecaps FC Canada
3%
SP Matthias Vilhjálmsson Valerenga Fotball Valerenga Fotball Ijsland
3%
SP Roberto Fimino Liverpool FC Liverpool FC Liverpool FC Liverpool FC Brazilië
3%
SP Silvio Romero Club América / Independiente Independiente Independiente Argentinië
3%
SP Stanislav Iljutcenko Pohang Steelers / Jeonbuk Hyundai Rusland
3%
No matching quizzes found
Score Distribution
Percent of People with Each Score
Percentile by Number Answered
Your Score History
You have not taken this quiz